书目信息 |
| 题名: |
美国语文
|
|
| 作者: | 张建鹏 , 胡足青 主编 | |
| 分册: | 上 | |
| 出版信息: | 北京 中国妇女出版社 2008.07 |
|
| 页数: | 451页 | |
| 开本: | 24cm | |
| 丛书名: | ||
| 单 册: | ||
| 中图分类: | G634.411 | |
| 科图分类: | ||
| 主题词: | 教育--各级 | |
| 电子资源: | ||
| ISBN: | 978-7-80203-582-9 | |
| 000 | 00776nam0 2200241 45 | |
| 001 | 1359134281 | |
| 005 | 20131219162545.96 | |
| 010 | @a978-7-80203-582-9@dCNY49.00 | |
| 100 | @a20090515d2008 ekmy0 y0120 ea | |
| 102 | @aCN@b130000 | |
| 102 | @aCN@b110000 | |
| 105 | @ay z 000yy | |
| 200 | 1 | @a美国语文@Amei guo yu wen@e美国著名中学课文精选@h上@f张建鹏,胡足青主编@Fzhang jian peng,hu zu qing zhu bian |
| 210 | @a北京@c中国妇女出版社@d2008.07 | |
| 215 | @a451页@d24cm | |
| 517 | 1 | @a美国著名中学课文精选@Amei guo zhu ming zhong xue ke wen jing xuan |
| 606 | 0 | @a教育@x各级 |
| 690 | @aG634.411@v4 | |
| 701 | 0 | @a张建鹏@Azhang jian peng@4主编 |
| 701 | 0 | @a胡足青@Ahu zu qing@4主编 |
| 801 | 0 | @aCN@c20091020 |
| 905 | @a10447@dG634.411@eM0613:1 | |
| 906 | @d98@n3@r1 | |
| 美国语文:美国著名中学课文精选.上/张建鹏,胡足青主编.-北京:中国妇女出版社,2008.07 |
| 451页;24cm |
| ISBN 978-7-80203-582-9:CNY49.00 |
| ● |
| 相关链接 |
|
|
|
正题名:美国语文
索取号:G634.411/M0613:1
 
预约/预借
| 序号 | 登录号 | 条形码 | 馆藏地/架位号 | 状态 | 备注 |
| 1 | 492417 | 204924172 | 法学院资料室/ [索取号:G634.411/M0613:1] | 在馆 |